| 000 | 00432nam a22001337a 4500 | ||
|---|---|---|---|
| 008 | 161108b xxu||||| |||| 00| 0 eng d | ||
| 050 | _aD843.W6 | ||
| 100 |
_aWolfers,Arnold _927340 |
||
| 245 |
_aDiscord and collaboration _b:essays on lnternational politics _c/Arnold Wolfers |
||
| 260 |
_aBaltinore _bJohns Hopkins University Press _c1965 |
||
| 300 |
_axvii,283 _c20cm. |
||
| 650 |
_aWorld Politics _925782 |
||
| 942 |
_2lcc _cMONOGRAPH |
||
| 999 |
_c125690 _d125690 |
||